| 000 | 00566nam a2200193Ia 4500 | ||
|---|---|---|---|
| 005 | 20250508162702.0 | ||
| 008 | 008 250505s9999 xx 000 0 eng d | ||
| 037 | _aTextual | ||
| 040 |
_aFEDL _beng _cFEDL |
||
| 041 |
_aeng _2eng |
||
| 084 |
_a370.7, KAK _qFEDL |
||
| 100 |
_aKakkad G. M. _9773804 |
||
| 245 | 0 | _aSecondary teachers' education : New dimensions and directions | |
| 260 |
_aBombay, India _bHimalaya Publishing house _c1988 |
||
| 300 | _axiv,324p. | ||
| 650 | _aEducation | ||
| 942 |
_cTEXL _h370.7, KAK |
||
| 999 |
_c1378046 _d1378046 |
||